[Event "Catalunya-ch U14"]
[Site "Saragosa"]
[Date "2014.01.25"]
[Round "1.4"]
[White "Arribas Viera, David"]
[Black "Freixas Embo, Ferran"]
[Result "1-0"]
[WhiteElo "1856"]
[BlackElo "1719"]
[PlyCount "27"]
[EventDate "2014.01.25"]
[EventType "swiss"]
[EventRounds "8"]
[EventCountry "ESP"]
[SourceTitle "EXT 2024"]
[Source "ChessBase"]
[SourceDate "2023.10.10"]
[SourceVersion "1"]
[SourceVersionDate "2023.10.10"]
[SourceQuality "1"]

1. d4 d5 2. Bf4 Nc6 3. Nf3 Nf6 4. h3 Bf5 5. e3 a6 6. a3 e6 7. c4 Bxb1 8. Rxb1 Ne4 9. Qb3 Na5 10. Qa4+ Nc6 11. Ne5 Qd6 12. Nxf7 Kxf7 13. Bxd6 Bxd6 14. cxd5 1-0